000 00411nam a2200121Ia 4500
008 220620s9999||||xx |||||||||||||| ||und||
245 0 _aComplementary Therapies for the Contemporary Healthcare
546 _aEnglish[eng]
650 _aComplementary medicine
700 _aSaad, Marcelo||de Medeiros, Roberta
856 _uhttps://mts.intechopen.com/storage/books/2975/authors_book/authors_book.pdf
942 _cEB
999 _c35086
_d35086